[Event "Campeonato Estadual de Mestres do  RJ 2"]
[Site "ALEX"]
[Date "2025.06.21"]
[Round "3.13"]
[White "Pedro, Arthur Ventura Tome"]
[Black "Silva, Clara Oliveira"]
[Result "1-0"]
[WhiteElo "1627"]
[BlackElo "1646"]
[Annotator "CB - RR"]
[PlyCount "77"]
[EventDate "2025.06.19"]
[EventRounds "6"]
[EventCountry "BRA"]

1. e4 e5 2. Nf3 Nc6 3. d4 exd4 4. Bc4 h6 5. Nxd4 d6 6. Nxc6 bxc6 7. O-O Nf6 8. Nc3 Be7 9. Re1 $146 ({RR} 9. Qf3 Bb7 10. Be3 c5 11. Bd5 Nxd5 12. Nxd5 Bxd5 13. exd5 O-O 14. Rfe1 Bg5 15. Rad1 Bxe3 16. Rxe3 Re8 17. Rf1 Rxe3 18. fxe3 Qd7 19. e4 Rb8 20. b3 Re8 21. Qe3 Qb5 22. Qf4 Qd7 23. Rf3 Qe7 {Bujnosek,T-Culik,D Frydek Mistek 2002 0-1 (49)}) ({RR} 9. f3 O-O 10. Be3 Nd7 11. Qd2 Bf6 12. Rad1 Bb7 13. Kh1 Re8 14. Bd4 a6 15. Bxf6 Qxf6 16. b3 Ne5 17. Bd3 Ng6 18. Ne2 Rad8 19. c4 Re5 20. Qb4 Bc8 21. Bb1 Rh5 22. Ng3 Rh4 23. Qe1 Nf4 {Coelho,R (1989)-Bartel,M (2252) chess.com INT 2024 1-0 (50)}) ({RR} 9. Bb3 O-O 10. Bf4 Be6 11. e5 Bxb3 12. exf6 Bxf6 13. cxb3 Qd7 14. Rb1 Qf5 15. Bg3 a5 16. Re1 g5 17. h3 Rac8 18. Rc1 Qd7 19. Na4 Rcd8 20. Qc2 c5 21. Rcd1 Qc6 22. Qf5 Bd4 23. h4 Qd7 {Polovka,M (1844)-Vacek,J (1746) Slovakia 2014 0-1 (57)}) ({RR} 9. Qe2 O-O 10. Rd1 Qe8 11. h3 Nd7 12. f4 Bf6 13. Bd2 Nc5 14. Re1 Rb8 15. Rab1 Bd4+ 16. Kh2 Be6 17. b4 Nd7 18. Bd3 f6 19. a4 Qd8 20. Bc4 Qe7 21. Qd3 Bxc3 22. Bxc3 Nb6 23. Bxe6+ Qxe6 {Manzotti,F (1777)-Mingolla,P (1624) Milan 2014 1-0 (43)}) 9... O-O 10. Qe2 Ng4 11. Bf4 Bg5 12. Bxg5 Qxg5 13. g3 Qg6 14. Nd1 Ne5 15. f3 Qh5 16. Rf1 Kh8 17. Ne3 Nxc4 18. Qxc4 Qb5 19. Qxb5 cxb5 20. Nd5 c6 21. Nb4 Bb7 22. Rfd1 Rad8 23. a4 a5 24. Nd3 b4 25. b3 Ba6 26. Rd2 f5 27. Nf4 Rf7 28. Rad1 fxe4 29. fxe4 d5 30. exd5 cxd5 31. Rxd5 Rxd5 32. Rxd5 g5 33. Rxa5 Rf6 34. Nd5 Rf1+ 35. Kg2 Be2 36. Nxb4 Rf6 37. Nd3 Bf1+ 38. Kg1 g4 39. Nf4 1-0

[Event "Campeonato Estadual de Mestres do  RJ 2"]
[Site "ALEX"]
[Date "2025.06.21"]
[Round "4.1"]
[White "Rangel, Daniel"]
[Black "Serpa, Rafael Araujo"]
[Result "1-0"]
[WhiteElo "2262"]
[BlackElo "2064"]
[Annotator "CB - RR"]
[PlyCount "69"]
[EventDate "2025.06.19"]
[EventRounds "6"]
[EventCountry "BRA"]

1. e4 c6 2. d4 d5 3. e5 c5 4. dxc5 e6 5. a3 Bxc5 6. b4 Be7 7. Nf3 a5 8. b5 Nd7 9. Be2 f6 10. Bb2 Nxe5 11. Nxe5 fxe5 12. Bxe5 Bf6 13. Bxf6 Nxf6 14. O-O e5 15. Nd2 O-O 16. c4 d4 17. Bf3 Qe7 18. Re1 Bf5 $146 ({RR} 18... Re8 19. Re4 Bf5 {½-½ (19) Skogheim,O (1992)-Vinke,D (2166) Drammen 2018}) 19. b6 Qd6 20. Qb3 Kh8 21. Qb5 Nd7 22. Bxb7 Rab8 23. Be4 Rxb6 24. Qxa5 Nc5 25. Bxf5 Ra6 26. Qb4 Rb6 27. Ne4 Nxe4 28. Qxd6 Nxd6 29. c5 Rb5 30. cxd6 Rxf5 31. Rab1 Rxb1 32. Rxb1 Kg8 33. Rb8+ Rf8 34. Rxf8+ Kxf8 35. a4 1-0

[Event "Campeonato Estadual de Mestres do  RJ 2"]
[Site "ALEX"]
[Date "2025.06.21"]
[Round "4.2"]
[White "Manzi, Luiz Antonio Bardar"]
[Black "De Albuquerque, Ian Telek C."]
[Result "0-1"]
[WhiteElo "2044"]
[BlackElo "2175"]
[Annotator "CB - RR"]
[PlyCount "32"]
[EventDate "2025.06.19"]
[EventRounds "6"]
[EventCountry "BRA"]

1. Nf3 c5 2. b3 Nc6 3. Bb2 Nf6 4. g3 g6 5. Bg2 Bg7 6. O-O O-O 7. c4 d5 8. cxd5 Nxd5 9. Bxg7 Kxg7 10. Nc3 Nc7 11. Na4 $146 ({RR} 11. Qc2 b6 12. Qb2 f6 13. Rad1 e5 14. Rfe1 Be6 15. e3 Qd7 16. d4 cxd4 17. exd4 exd4 18. Ne2 d3 19. Nfd4 Nxd4 20. Nxd4 Rad8 21. Rxd3 Qf7 22. Nxe6+ Nxe6 23. Bd5 Rfe8 24. Qc1 Rd6 25. Qc4 Nc5 {Weigand,A (1837)-Von Mettenheim,J (1971) Verden an der Aller 2020 ½-½ (53)}) ({RR} 11. Rc1 b6 12. d3 Bb7 13. Qd2 f6 14. Rfd1 e5 15. h4 Ne6 16. e3 Qd7 17. Qe2 Rad8 18. Ne4 Ba6 19. Ne1 Nb4 20. a3 Nd5 21. Qb2 Bb7 22. b4 cxb4 23. axb4 Rc8 24. Nc2 Rc7 25. d4 exd4 {Caruana,F (2796)-Heinrich,J (2259) chess.com INT 2024 1-0 (35)}) ({RR} 11. Rc1 b6 12. Qc2 Rb8 13. Qb2 e5 14. Rfd1 Ne6 15. e3 Qd3 16. Ne1 Qd6 17. Nb5 Qd7 18. Bxc6 Qxc6 19. Qxe5+ f6 20. Qxb8 Bb7 21. Qxb7+ Qxb7 22. d4 Rd8 23. dxc5 Rxd1 24. Rxd1 bxc5 25. Nd6 Qc6 {Kalina,L (2076)-Palencia,W (2205) chess.com INT 2025 0-1 (61)}) ({RR} 11. Rc1 b6 12. Qc2 Bb7 13. Rfd1 Ne6 14. Qb2 Kg8 15. e3 Qd7 16. Ne2 Rfd8 17. d4 cxd4 18. Nexd4 Nexd4 19. Nxd4 Ne5 20. Bxb7 Qxb7 21. Qe2 Rxd4 22. exd4 Nf3+ 23. Kf1 Nxd4 24. Rxd4 Qh1# {0-1 (24) Marin Masis,J (1938)-Maly,A (2371) Chess.com INT 2021}) ({RR} 11. Qc2 Bg4 12. Qb2 f6 13. h3 Bxf3 14. Bxf3 Qd7 15. Kh2 Ne6 16. Rac1 Rad8 17. Rfd1 h5 18. h4 Ne5 19. Bg2 b6 20. f4 Ng4+ 21. Kg1 Nd4 22. e3 Nf5 23. Ne4 Nfxe3 24. dxe3 Qxd1+ 25. Rxd1 Rxd1+ {Fassaert,D (2009)-Broek,T (2202) Guernsey 2007 0-1 (31)}) 11... b6 12. Ne5 Nxe5 13. Bxa8 Nxa8 14. Qc2 Bh3 15. Rfe1 Qd5 16. f3 Qd4+ 0-1

[Event "Campeonato Estadual de Mestres do  RJ 2"]
[Site "ALEX"]
[Date "2025.06.21"]
[Round "4.3"]
[White "Chaves, Jorge Antonio Torre"]
[Black "Okamura, Milton Kasuo"]
[Result "1-0"]
[WhiteElo "1935"]
[BlackElo "2042"]
[Annotator "CB - RR"]
[PlyCount "77"]
[EventDate "2025.06.19"]
[EventRounds "6"]
[EventCountry "BRA"]

1. e4 c5 2. Nc3 Nc6 3. g3 g6 4. Bg2 Bg7 5. Nge2 e6 6. d3 Nge7 7. O-O O-O 8. Be3 Nd4 9. Qd2 d6 10. Rae1 Qa5 ({RR} 10... Nec6 11. Nd1 Qa5 {½-½ (11) Campora,D (2544)-Fernandes,A (2449) Santo Antonio 2002}) ({RR} 10... e5 11. Nd1 Be6 12. c4 Qd7 13. Nxd4 cxd4 14. Bh6 Bh3 15. Bxg7 Kxg7 16. f4 Bxg2 17. Kxg2 f5 18. Nf2 Rae8 19. Kg1 Qc6 20. fxe5 dxe5 21. Qa5 Nc8 22. exf5 Rxf5 23. Ne4 b6 24. Qa3 Ref8 25. Rxf5 {Concio,M (2406)-Tologontegin,S (2368) chess.com INT 2023 1-0 (46)}) 11. f4 $146 ({RR} 11. Nc1 Nec6 12. Nb3 Qb6 13. f4 Bd7 14. g4 f5 15. gxf5 gxf5 16. e5 dxe5 17. Na4 Qc7 18. Naxc5 Rad8 19. fxe5 Bxe5 20. Bf4 Bxf4 21. Rxf4 Bc8 22. Re3 Qxf4 23. Rg3+ {0-1 (23) Todorovic,K (1970)-Radovic,L (2338) Kragujevac 2018}) ({RR} 11. Nc1 Nec6 12. f4 Bd7 13. g4 f5 14. h3 Rae8 15. Nb3 Qd8 16. e5 dxe5 17. Nxc5 exf4 18. Bxf4 e5 19. Nxd7 Qxd7 20. Bh2 fxg4 21. hxg4 Qxg4 22. Ne4 Nf3+ 23. Rxf3 Rxf3 24. Nf2 Rxf2 25. Qxf2 e4 {Osorio,J-Chavez Lazo,J Bolivar 2001 0-1 (53)}) ({RR} 11. a3 Nec6 12. Nc1 Rb8 13. f4 b5 14. f5 exf5 15. exf5 Bxf5 16. Rxf5 gxf5 17. Bh6 f6 18. Nb3 Nxb3 19. cxb3 Ne5 20. Bf4 Qd8 21. Nd5 Kh8 22. Rf1 b4 23. a4 Qd7 24. Qd1 Rbe8 25. Bh3 Ng4 {Yutuc,R-Milagrosa,A (2245) Philippines 1997 0-1 (53)}) 11... Nec6 12. a3 Bd7 13. f5 exf5 14. Bh6 Ne5 15. Bxg7 Kxg7 16. Nf4 fxe4 17. Rxe4 Bg4 18. Kh1 Qd8 19. Nfd5 Bf3 20. Rf4 Bxg2+ 21. Kxg2 f5 22. Ne2 Nxe2 23. Qxe2 Qd7 24. Qd2 Rae8 25. Rh4 Kg8 26. Qg5 Ng4 27. Rxg4 Qc6 28. Rxf5 Rxf5 29. Qxf5 Re5 30. Rxg6+ hxg6 31. Qxg6+ Kf8 32. Qf6+ Ke8 33. c4 b6 34. h4 Kd7 35. Qf3 Kd8 36. h5 Qe8 37. Nf4 Kc7 38. g4 Re3 39. Nd5+ 1-0

[Event "Campeonato Estadual de Mestres do  RJ 2"]
[Site "ALEX"]
[Date "2025.06.21"]
[Round "4.4"]
[White "Santos Filho, Tadeu Sousa"]
[Black "De Carvalho Jr, Rogerio Brambila"]
[Result "1/2-1/2"]
[WhiteElo "2035"]
[BlackElo "1943"]
[Annotator "CB - RR"]
[PlyCount "126"]
[EventDate "2025.06.19"]
[EventRounds "6"]
[EventCountry "BRA"]

1. e4 c5 2. Nf3 e6 3. c3 Nc6 4. d4 d5 5. exd5 exd5 6. Bb5 Bd6 7. O-O Nge7 8. Re1 O-O 9. dxc5 Bxc5 10. Be3 Bxe3 11. Rxe3 Bf5 $146 ({RR} 11... Qb6 12. Bxc6 Nxc6 13. Qb3 Qc5 14. Qa3 Qxa3 15. Nxa3 Be6 {½-½ (15) Knezevic,M-Giorgadze,T Polanica Zdroj 1976}) ({RR} 11... Qb6 12. Na3 Nf5 13. Re2 Rd8 14. Bd3 Nd6 15. h3 h6 16. Qd2 Be6 17. Qf4 Ne4 18. Nc4 Qc5 19. Nce5 Nxe5 20. Nxe5 Nf6 21. Nf3 Qd6 22. Qd4 a6 23. Rae1 Rac8 24. Qa7 Ra8 25. Qd4 Rac8 26. a3 {Esipenko,A (2695)-Sindarov,J (2700) chess.com INT 2025 1-0 (57)}) ({RR} 11... Bg4 12. Nbd2 Nf5 13. Re1 Nd6 14. Qa4 Bd7 15. Bf1 Qf6 16. Rad1 Rad8 17. Qh4 Qxh4 18. Nxh4 Rfe8 19. Nhf3 Bg4 20. h3 Bh5 21. Rxe8+ Nxe8 22. g4 Bg6 23. Nb3 Bc2 24. Rd2 Bxb3 25. axb3 Nc7 26. b4 {Bogdanov,E (2150)-Mohandesi,S (2305) Paris 1994 ½-½ (61)}) 12. Bd3 Bxd3 13. Qxd3 Qb6 14. Re2 Rad8 15. Rd2 Ng6 16. g3 Nce5 17. Nxe5 Nxe5 18. Qe2 Rfe8 19. Qd1 Nc4 20. Rc2 Nxb2 21. Qc1 Nd3 22. Qd2 Ne1 23. Rb2 Nf3+ 24. Kg2 Nxd2 25. Rxb6 axb6 26. Nxd2 Re2 27. Rd1 d4 28. Kf3 Ree8 29. c4 Ra8 30. Nb3 Rxa2 31. Rxd4 Ra3 32. Rd3 Rc8 33. Ke3 f6 34. Nd2 Rxd3+ 35. Kxd3 Kf7 36. Nb3 Rd8+ 37. Nd4 Ke7 38. Kc3 Rxd4 39. Kxd4 Kd6 40. f4 f5 41. h3 h5 42. Kd3 Kc5 43. Kc3 b5 44. cxb5 Kxb5 45. Kd4 Kb4 46. Ke5 Kc3 47. Kxf5 b5 48. g4 hxg4 49. hxg4 b4 50. Kg6 b3 51. Kxg7 b2 52. f5 b1=Q 53. f6 Qb7+ 54. f7 Qe7 55. g5 Qxg5+ 56. Kh8 Qf6+ 57. Kg8 Qg6+ 58. Kh8 Qf6+ 59. Kg8 Qe6 60. Kh8 Qc8+ 61. Kg7 Qb7 62. Kg8 Qd5 63. Kh8 Qxf7 1/2-1/2

[Event "Campeonato Estadual de Mestres do  RJ 2"]
[Site "ALEX"]
[Date "2025.06.21"]
[Round "4.5"]
[White "Franca, Joao Vitor Da Silva"]
[Black "Fernandes, Silas Carvalho"]
[Result "0-1"]
[WhiteElo "1795"]
[BlackElo "2033"]
[Annotator "CB - RR"]
[PlyCount "78"]
[EventDate "2025.06.19"]
[EventRounds "6"]
[EventCountry "BRA"]

1. e4 c5 2. Nf3 d6 3. d4 cxd4 4. Nxd4 Nf6 5. Nc3 a6 6. Be2 e5 7. Nb3 Be6 8. f4 exf4 9. Bxf4 Nc6 10. Qd2 Be7 11. O-O-O Ne5 12. Kb1 O-O 13. h3 Rc8 14. g4 b5 15. g5 Nfd7 16. Nd5 $146 ({RR} 16. Nd4 b4 17. Nd5 Bxd5 18. exd5 a5 19. Bb5 Rc5 20. Bc6 Nc4 21. Qg2 Nde5 22. Nb3 Rxc6 23. dxc6 Qb6 24. Nd4 g6 25. h4 Re8 26. h5 Bf8 27. hxg6 hxg6 28. Qd5 Qc5 29. Bxe5 Nxe5 30. Nb5 Qxd5 {Sharma,D (2381)-Annaberdiev,B (2285) Alushta 2005 1-0 (51)}) ({RR} 16. h4 b4 17. Nd5 Bxd5 18. exd5 a5 19. Nd4 Nb6 20. Bxe5 dxe5 21. Nc6 Qd6 22. Nxe7+ Qxe7 23. Bg4 Rc4 24. d6 Qd8 25. Bf5 Rd4 26. Qe2 Qxd6 27. Rxd4 Qxd4 28. h5 Nc4 29. c3 bxc3 30. g6 cxb2 {Tomiello,L (2185)-Khandelwal,A (2228) chess.com INT 2022 0-1 (32)}) ({RR} 16. h4 b4 17. Nd5 Bxd5 18. exd5 a5 19. Nd4 Nb6 20. Bxe5 dxe5 21. Nc6 Qd6 22. Nxe7+ Qxe7 23. Bg4 Rc4 24. d6 Qd8 25. Bf5 Rd4 26. Qe2 Qxd6 27. Rxd4 Qxd4 28. h5 Nc4 29. c3 bxc3 30. g6 cxb2 {Tomiello,L (2185)-Khandelwal,A (2228) chess.com INT 2022 0-1 (32)}) 16... Bxd5 17. exd5 Qc7 18. Bg4 Nc4 19. Qh2 Rce8 20. Bxd7 Qxd7 21. Nd4 Bd8 22. Nc6 Bc7 23. Qg3 Re4 24. Rhe1 Rfe8 25. Rxe4 Rxe4 26. Bc1 Qe8 27. h4 Nb6 28. Qc3 Na4 29. Qh3 Nb6 30. h5 Nxd5 31. Rxd5 Qxc6 32. g6 hxg6 33. Rg5 Qe8 34. hxg6 fxg6 35. Qg2 Re6 36. Qb7 Bd8 37. Rd5 Re1 38. Rd2 Rxc1+ 39. Kxc1 Qe1+ 0-1

[Event "Campeonato Estadual de Mestres do  RJ 2"]
[Site "ALEX"]
[Date "2025.06.21"]
[Round "4.6"]
[White "Frolov, Ivan"]
[Black "Reimberg, Arthur Bernardo"]
[Result "1-0"]
[WhiteElo "2013"]
[BlackElo "1934"]
[Annotator "CB - RR"]
[PlyCount "159"]
[EventDate "2025.06.19"]
[EventRounds "6"]
[EventCountry "BRA"]

1. e4 c5 2. Nf3 e6 ({RR} 2... Nc6 3. c3 e6 4. d4 d5 5. exd5 {½-½ (8) Plat,V (2443)-Kislinsky,A (2489) Kouty nad Desnou 2015}) 3. c3 d5 4. exd5 Qxd5 5. d4 Nc6 6. Be3 cxd4 7. Nxd4 Nxd4 8. Qxd4 Qxd4 9. Bxd4 f6 $146 ({RR} 9... Ne7 10. Bd3 f6 11. f4 Nc6 12. Bf2 Bd6 13. Be3 Bd7 14. Nd2 O-O-O 15. O-O-O b6 16. Nf3 Kc7 17. Rd2 Ne7 18. c4 Bb4 19. Rdd1 Nc6 20. a3 Bd6 21. Kb1 a5 22. Rc1 Bc5 23. Bd2 Be8 24. Be2 {Liang,S-Yang,Z (1939) Shanghai CHN 2024 0-1 (59)}) ({RR} 9... Bd7 10. Be2 Bc6 11. O-O Ne7 12. c4 Nf5 13. Bc3 Rd8 14. Nd2 h5 15. Bf3 Nd4 16. Bxc6+ bxc6 17. Ba5 Rd7 18. Nf3 Nxf3+ 19. gxf3 Bc5 20. Rfd1 Bd4 21. Rab1 Rh6 22. Kf1 Rf6 23. Ke2 Rf5 24. Bd2 {Urbina Perez,J (2221)-Lin,Y (2378) Dos Hermanas ESP 2025 0-1 (42)}) ({RR} 9... Nf6 10. g3 Bd7 11. Bg2 Bc6 12. Bxc6+ bxc6 13. O-O c5 14. Bxf6 gxf6 15. Rd1 Rb8 16. b3 f5 17. Na3 Bg7 18. Rac1 Ke7 19. Kf1 Rhd8 20. Rxd8 Rxd8 21. Ke2 h5 22. c4 Bb2 {0-1 (22) Palchuk,A (2177)-Szadkowski,K (2282) Chess.com INT 2021}) ({RR} 9... Bd7 10. Nd2 Nf6 11. Nc4 Be7 12. O-O-O O-O 13. Bxf6 {1-0 (13) Fruteau,S (2145)-Marchadour,C (2074) France 2006}) 10. Bb5+ Kf7 11. Nd2 a6 12. Bd3 Ne7 13. Nc4 Nd5 14. Be4 Bd7 15. Nb6 Nxb6 16. Bxb6 Bc6 17. Bxc6 bxc6 18. a4 Be7 19. O-O-O Rhb8 20. a5 Bd8 21. Rd7+ Kg6 22. Bxd8 Rxd8 23. Rhd1 Rdb8 24. Rc7 Rb5 25. Rxc6 Rxa5 26. Rxe6 Rg5 27. g3 a5 28. Rd7 h5 29. Ree7 Kh6 30. h4 Rg4 31. Ra7 Rxa7 32. Rxa7 a4 33. Kd2 g5 34. hxg5+ fxg5 35. Ra6+ Kg7 36. Ke2 h4 37. Kf3 h3 38. Rd6 Rc4 39. Rd1 Kg6 40. Rh1 a3 41. bxa3 Rxc3+ 42. Kg4 Rxa3 43. Kxh3 Kf5 44. Rb1 Ra4 45. Rb5+ Kg6 46. f3 Rc4 47. Rb6+ Kg7 48. Re6 Kf7 49. Re4 Rc5 50. Kg4 Kg6 51. Ra4 Rc6 52. Re4 Rb6 53. Re8 Rb4+ 54. Kh3 Rb3 55. Kg2 Rb2+ 56. Kf1 Ra2 57. Rg8+ Kf6 58. Re8 Kf5 59. Re2 Ra3 60. Kg2 Rb3 61. Rd2 Ra3 62. Rd5+ Kf6 63. g4 Ra4 64. Rd6+ Ke5 65. Rg6 Kf4 66. Rf6+ Ke5 67. Rf5+ Ke6 68. Rxg5 Ra2+ 69. Kg3 Kf6 70. Rb5 Ra3 71. g5+ Kg6 72. Kg4 Ra1 73. Rb6+ Kf7 74. f4 Kg7 75. Rb7+ Kh8 76. f5 Ra8 77. Kh5 Rf8 78. f6 Kg8 79. Kh6 Ra8 80. g6 1-0

[Event "Campeonato Estadual de Mestres do  RJ 2"]
[Site "ALEX"]
[Date "2025.06.21"]
[Round "4.7"]
[White "Salles, Marvio Darilho"]
[Black "De Moura Silva, Guilherme"]
[Result "0-1"]
[WhiteElo "2041"]
[BlackElo "1911"]
[Annotator "CB - RR"]
[PlyCount "46"]
[EventDate "2025.06.19"]
[EventRounds "6"]
[EventCountry "BRA"]

1. e4 c5 2. Nc3 e6 3. d4 cxd4 4. Qxd4 Nc6 5. Qd2 a6 6. b3 Nf6 7. Bb2 Bb4 ({RR} 7... Qc7 8. O-O-O Bb4 9. Qe3 O-O 10. f4 Ne7 11. Nge2 b5 12. g4 d5 13. exd5 Bc5 14. Qg3 Nfxd5 15. Bg2 Bb7 16. Kb1 Bd6 17. Nxd5 Nxd5 18. Be4 Rad8 19. Qh4 f5 20. gxf5 Ne3 21. Bd3 Nxd1 22. fxe6 {Raimundo,A (1975)-Elesbao,B (1800) Florianopolis BRA 2025 1-0}) 8. f3 O-O $146 ({RR} 8... d5 9. exd5 Nxd5 10. O-O-O Qa5 11. Nge2 O-O 12. a3 Bxc3 13. Nxc3 Nxc3 14. Qxc3 Qxc3 15. Bxc3 Rd8 16. Bd3 b5 17. Be4 Bb7 18. f4 Na5 19. Rxd8+ Rxd8 20. Bxa5 Rb8 21. Bc7 Rc8 22. Bxb7 Rxc7 23. Rd1 {Celebi,M (1614)-Mohonea,A (1329) Tornelo INT 2023 1-0 (47)}) ({RR} 8... d5 9. exd5 Nxd5 10. Nge2 Qh4+ 11. g3 Qf6 12. Bg2 O-O 13. O-O-O Rd8 14. Qe1 Ne3 15. Rxd8+ Qxd8 16. Nf4 Nxg2 17. Nxg2 e5 18. Qe4 Be6 19. Ne3 Qa5 20. Na4 Rd8 21. c3 Be7 22. Rd1 Rc8 23. c4 {Gonzalez Alonso,M (1845)-Magallanes,G (1959) Barcelona 2018 1-0}) ({RR} 8... d5 9. exd5 Nxd5 10. O-O-O Qa5 11. Nge2 O-O 12. a3 Bxc3 13. Nxc3 Nxc3 14. Qxc3 Qxc3 15. Bxc3 Rd8 16. Bd3 b5 17. Be4 Bb7 18. f4 Na5 19. Rxd8+ Rxd8 20. Bxa5 Rb8 21. Bc7 Rc8 22. Bxb7 Rxc7 23. Rd1 {Celebi,M (1614)-Mohonea,A (1329) Tornelo INT 2023 1-0 (47)}) 9. O-O-O d5 10. a3 Bxc3 11. Qxc3 d4 12. Qc5 e5 13. g4 Be6 14. Kb1 Rc8 15. a4 b6 16. Qa3 Qc7 17. Bxa6 Nb4 18. Qxb4 Qxc2+ 19. Ka2 Qxd1 20. Be2 Qc2 21. Qb5 Rc3 22. Bd1 Qxd1 23. Bxc3 dxc3 0-1

[Event "Campeonato Estadual de Mestres do  RJ 2"]
[Site "ALEX"]
[Date "2025.06.21"]
[Round "4.8"]
[White "Sarmento, Flora Ferreira"]
[Black "Pessoa, Vitor Henrique Leop"]
[Result "0-1"]
[WhiteElo "1720"]
[BlackElo "1869"]
[Annotator "CB - RR"]
[PlyCount "42"]
[EventDate "2025.06.19"]
[EventRounds "6"]
[EventCountry "BRA"]

1. d4 Nf6 2. c4 g6 3. d5 Bg7 4. Nc3 c6 5. e4 d6 6. Nf3 O-O 7. Be2 Nbd7 8. Qc2 Nc5 9. b4 $146 ({RR} 9. O-O cxd5 10. exd5 Bf5 11. Qd1 Nfe4 12. Nxe4 Bxe4 13. Nd4 Qb6 14. Re1 Rac8 15. Nb3 Nxb3 16. Qxb3 Bd4 17. Qxb6 axb6 18. Bf1 f5 19. Rd1 Bf6 20. f3 Bc2 21. Rd2 Ba4 22. Rb1 Bd7 23. b3 f4 {Dzindzichashvili,R (2570)-Shamkovich,L (2515) New York 1980 1-0 (67)}) 9... Ncxe4 10. Nxe4 Nxe4 11. Rb1 cxd5 12. Bd3 Nc3 13. Rb3 dxc4 14. Bxc4 Bf5 15. Qd2 Ne4 16. Qe3 Rc8 17. Bd5 Nf6 18. Bxb7 Ng4 19. Qd2 Rc2 20. Qxc2 Bxc2 21. Ra3 Qb6 0-1

[Event "Campeonato Estadual de Mestres do  RJ 2"]
[Site "ALEX"]
[Date "2025.06.21"]
[Round "4.9"]
[White "Laba, Otavio De Souza"]
[Black "Pedro, Arthur Ventura Tome"]
[Result "1-0"]
[WhiteElo "1905"]
[BlackElo "1627"]
[Annotator "CB - RR"]
[PlyCount "73"]
[EventDate "2025.06.19"]
[EventRounds "6"]
[EventCountry "BRA"]

1. d4 Nf6 2. c4 g6 3. Nc3 Bg7 4. e4 d6 5. Be2 O-O 6. h4 h6 ({RR} 6... a6 7. h5 Nbd7 8. h6 Bh8 9. Be3 e5 10. d5 Nc5 11. Qc2 a5 12. O-O-O Bd7 13. f3 Nh5 14. g4 Nf4 15. Qd2 Ng2 16. Bf2 Bf6 17. Nh3 Nf4 18. Nxf4 exf4 19. Bd4 Be5 20. Bxe5 dxe5 21. Kb1 {SlowChess Blitz 2.9 avx2 (3418)-Ethereal 14.24 (3535) tcec-chess.com INT 2023 ½-½ (142)}) 7. Be3 ({RR} 7. f4 e5 8. dxe5 dxe5 9. Qxd8 Rxd8 10. Nf3 exf4 11. Bxf4 c6 12. O-O Be6 13. Rad1 Na6 14. Be5 Ng4 15. Bxg7 Kxg7 16. Nd4 Ne3 17. Nxe6+ fxe6 18. Rxd8 Rxd8 19. Rf3 Nc2 20. e5 Nc5 21. a3 a5 {Mrozowski,P (2222)-Yue,T (2047) chess.com INT 2025 0-1 (40)}) 7... e5 8. d5 Ne8 $146 ({RR} 8... a5 9. g4 Ne8 10. Qd2 Kh7 11. O-O-O c6 12. f4 exf4 13. Bxf4 a4 14. Kb1 Qa5 15. Rc1 Na6 16. Be3 Nc5 17. Qc2 Bd7 18. h5 g5 19. e5+ Kg8 20. exd6 Nxd6 21. dxc6 Bxc6 22. Nd5 Rae8 23. Bd2 {Silva,M (1956)-Da Cunha,F (2137) Rio de Janeiro 2018 ½-½ (49)}) ({RR} 8... Kh7 9. g4 c6 10. g5 Ne8 11. gxh6 Bf6 12. Nf3 Be7 13. Qd2 Rg8 14. O-O-O Nd7 15. Ng5+ Bxg5 16. Bxg5 f6 17. Be3 c5 18. Rdg1 a6 19. Rh2 Nc7 20. Rhg2 Nf8 21. Bh5 Ne8 22. f4 f5 23. fxe5 {Cernak,V-Skreno,V (2145) Tatranska Lomnica 1997 1-0 (38)}) 9. Qd2 Kh7 10. Nh3 Na6 11. O-O-O Bd7 12. f4 exf4 13. Nxf4 Qe7 14. Rdg1 Nc5 15. Bd3 Nf6 16. h5 g5 17. e5+ Kg8 18. exf6 Bxf6 19. Nfe2 Rfe8 20. Bd4 Bxd4 21. Nxd4 Qe5 22. Re1 Nxd3+ 23. Qxd3 Qf4+ 24. Kb1 Bg4 25. Ref1 Qe5 26. Nf5 Bxf5 27. Rxf5 Qg7 28. Rhf1 Re7 29. Ne4 Kh8 30. Nf6 a5 31. a3 Rc8 32. Qf3 Rf8 33. Ka2 b6 34. Rf2 Ra8 35. Ng4 Rf8 36. Rf6 Kh7 37. Rxh6+ 1-0

[Event "Campeonato Estadual de Mestres do  RJ 2"]
[Site "ALEX"]
[Date "2025.06.21"]
[Round "4.11"]
[White "Celani, Guilherme Fontes"]
[Black "Nunes, Lino Dias"]
[Result "1-0"]
[WhiteElo "1876"]
[BlackElo "1571"]
[Annotator "CB - RR"]
[PlyCount "149"]
[EventDate "2025.06.19"]
[EventRounds "6"]
[EventCountry "BRA"]

1. e4 e5 2. Nc3 Nf6 3. f4 d6 4. Nf3 Nc6 5. Bb5 Bg4 6. fxe5 dxe5 7. d3 ({RR} 7. Bxc6+ bxc6 8. h3 Bxf3 9. Qxf3 Nd7 10. d3 Bc5 11. Be3 O-O 12. O-O Bxe3+ 13. Qxe3 Qe7 14. Nb1 Qb4 15. b3 Qb6 16. Qf2 Qxf2+ 17. Rxf2 Nc5 18. Nd2 Ne6 19. Nc4 f6 20. Kf1 c5 21. Ke2 Rab8 {Romero Holmes,A (2455)-Rogers,I (2565) Cala Galdana 1994 ½-½}) ({RR} 7. O-O Bc5+ 8. Kh1 O-O 9. Bxc6 bxc6 10. h3 Bh5 11. d3 Nd7 12. Qe1 Bd6 13. Qg3 f5 14. exf5 e4 15. Qg5 Bxf3 16. gxf3 Qxg5 17. Bxg5 exd3 18. f6 Nxf6 19. Bxf6 Rxf6 20. Ne4 Rh6 21. Nxd6 cxd6 {Hafiz,A (2243)-Pranav,V (2611) chess.com INT 2023 ½-½ (84)}) 7... h6 $146 ({RR} 7... Bb4 8. O-O O-O 9. Bxc6 bxc6 10. Qe1 Re8 11. Bg5 h6 12. Bh4 Bxf3 13. Rxf3 Bc5+ 14. Kh1 Be7 15. Nd1 Rb8 16. Qg3 Nxe4 17. dxe4 Bxh4 18. Qg4 Qg5 19. Qh3 Qe7 20. Ne3 Bg5 21. Nf5 Qb4 22. Qg4 {Schefter,J-Stumpe,D Guben 2003 1-0}) ({RR} 7... Bc5 8. h3 Bh5 9. g4 Bg6 10. Nxe5 Qd4 11. Qf3 Qxe5 12. Bf4 Qe6 13. Bxc7 O-O 14. O-O-O Nd4 15. Qg3 Bb4 16. Bc4 Qc6 17. Rde1 Bxc3 18. bxc3 Nb5 19. Kb2 Nxc7 20. g5 Nxe4 21. dxe4 Qxc4 {0-1 (21) Guttenthaler,F-Abu Aita,M Wilhelmshaven 1995}) ({RR} 7... a6 8. Bxc6+ bxc6 9. h3 Bxf3 10. Qxf3 Bc5 11. Be3 Bxe3 12. Qxe3 Qd4 13. Qxd4 exd4 14. Ne2 c5 15. c3 O-O 16. cxd4 cxd4 17. Rc1 Rab8 18. b3 Rb7 19. Kd2 Rd8 20. Rc4 a5 21. Rhc1 Rd7 22. Rxd4 {Ridder,H (1665)-Amirezaishvili,M (1545) Germany 2008 0-1 (44)}) 8. Be3 Bb4 9. O-O O-O 10. Bxc6 bxc6 11. Qe1 Bd6 12. Qg3 Bxf3 13. Rxf3 Kh7 14. Raf1 Rg8 15. Qh3 Qd7 16. Qh4 Qg4 17. Qe1 Rab8 18. Nd1 a5 19. Qxa5 Ra8 20. Qc3 Rxa2 21. Qb3 Qe6 22. Qxe6 fxe6 23. Bd2 Rf8 24. Bc3 Nd7 25. Rxf8 Nxf8 26. Bxe5 Bxe5 27. Rxf8 Bxb2 28. Nxb2 Rxb2 29. Rf2 Kg6 30. Kf1 Rb8 31. Ke2 Kh7 32. Rf7 Kg6 33. Rxc7 Rb6 34. Kd2 Kf6 35. Kc3 g6 36. Kd4 g5 37. e5+ Kf5 38. Rf7+ Kg4 39. Rf6 Rb2 40. Kc3 Rb5 41. Rxe6 Kf5 42. Rxh6 Rxe5 43. Rxc6 Re2 44. Rc5+ Kf6 45. g4 Rxh2 46. Rf5+ Kg6 47. Re5 Rf2 48. Re4 Rf4 49. Kd4 Rf8 50. Re6+ Kf7 51. Ke5 Kg7 52. Rd6 Re8+ 53. Kf5 Rc8 54. c4 Rc5+ 55. Rd5 Rc6 56. Kxg5 Rg6+ 57. Kf4 Rf6+ 58. Rf5 Ra6 59. c5 Ra1 60. d4 Rf1+ 61. Ke5 Re1+ 62. Kd6 Re4 63. d5 Rxg4 64. c6 Rg6+ 65. Kd7 Kh6 66. c7 Rg7+ 67. Kc6 Rg6+ 68. d6 Rg8 69. d7 Rg6+ 70. Kb7 Rg1 71. d8=Q Rb1+ 72. Kc8 Rg1 73. Qf6+ Kh7 74. Rh5+ Kg8 75. Rh8# 1-0